000
00215nam a2200097Ia 4500
005
20251222114339.0
008
251222s1900||||xx |||||||||||||| ||spa||
082
_a
DVD0160/J46/2005
245
0
_a
Amor eterno:
942
_c
DVD
999
_c
783
_d
783